书目信息 |
| 题名: |
马克思恩格斯论教育
|
|
| 作者: | ||
| 分册: | 上卷 | |
| 出版信息: | 北京 人民教育 1986 |
|
| 页数: | 392页 | |
| 开本: | 20cm | |
| 丛书名: | ||
| 单 册: | ||
| 中图分类: | G412 | |
| 科图分类: | ||
| 主题词: | 思想政治教育--学校教育 , 德育--学校教育 | |
| 电子资源: | ||
| ISBN: | ||
| 000 | 00511nam0 2200193 450 | |
| 001 | 0753865015 | |
| 005 | 20070818145745.01 | |
| 010 | @d¥2.85 | |
| 100 | @a20070818d km y0chiy0120 ea | |
| 101 | 0 | @achi |
| 200 | 1 | @a马克思恩格斯论教育@Ama ke si en ge si lun jiao yu@i上卷 |
| 210 | @a北京@c人民教育@d1986 | |
| 215 | @a392页@d20cm | |
| 517 | 1 | @a上卷@Ashang juan |
| 606 | 0 | @a思想政治教育--学校教育 |
| 606 | 0 | @a德育--学校教育 |
| 690 | @aG412@v3 | |
| 801 | 0 | @aCN@bPFT@c20070818 |
| 905 | @a213230@dG412@ee102@f1 | |
| 马克思恩格斯论教育.上卷.-北京:人民教育,1986 |
| 392页;20cm |
| ISBN :¥2.85 |
| ● |
| 相关链接 |
|
|
|
|
正题名:马克思恩格斯论教育
索取号:G412/e102
 
预约/预借
| 序号 | 登录号 | 条形码 | 馆藏地/架位号 | 状态 | 备注 |
| 1 | 6301636 | 263016364 | 教育系资料室/ [索取号:G412/e102] | 在馆 |